[Event "GER-ch international (Women)"]
[Site "Bodenmais"]
[Date "2018.08.03"]
[Round "7"]
[White "Rempe, Janne"]
[Black "Mohammadi, Sholeh"]
[Result "1-0"]
[WhiteElo "1315"]
[BlackElo "1158"]
[PlyCount "55"]
[EventDate "2018.07.28"]
[EventType "swiss"]
[EventRounds "9"]
[EventCountry "GER"]
[SourceTitle "EXT 2019"]
[Source "ChessBase"]
[SourceDate "2018.10.10"]
[SourceVersion "1"]
[SourceVersionDate "2018.10.10"]
[SourceQuality "1"]

1. d4 d5 2. Nf3 Bg4 3. Bf4 Nd7 4. e3 c5 5. c3 cxd4 6. cxd4 Ngf6 7. h3 Bf5 8. Nc3 a6 9. g4 Be4 10. Nxe4 Nxe4 11. Bg2 Qa5+ 12. Nd2 Qxd2+ 13. Qxd2 Nxd2 14. Kxd2 h6 15. Bxd5 Ra7 16. Rac1 e6 17. Rc8+ Ke7 18. Bb3 b5 19. Bc7 f6 20. d5 Rxc7 21. Rxc7 exd5 22. Rhc1 Kd8 23. Rc8+ Ke7 24. Bxd5 Kd6 25. e4 Ke5 26. R8c6 Bb4+ 27. Ke3 Re8 28. f4# 1-0

[Event "Rhein Main op-B 18th"]
[Site "Bad Homburg"]
[Date "2015.06.07"]
[Round "7"]
[White "Bischoff, Lars Kim"]
[Black "Mohammadi, Sholeh"]
[Result "0-1"]
[WhiteElo "1201"]
[BlackElo "1105"]
[PlyCount "110"]
[EventDate "2015.06.03"]
[EventType "swiss"]
[EventRounds "7"]
[EventCountry "GER"]
[SourceTitle "CBM 167 Extra"]
[Source "ChessBase"]
[SourceDate "2015.09.14"]
[SourceVersion "1"]
[SourceVersionDate "2015.09.14"]
[SourceQuality "1"]

1. d4 d5 2. Bf4 h6 3. e3 b6 4. Nf3 Bb7 5. Bd3 e6 6. 0-0 Nf6 7. Nbd2 c5 8. Bb5+ Nc6 9. Ne5 Rc8 10. Nxc6 Bxc6 11. Ba6 Ra8 12. c3 Bd6 13. Be5 Bxe5 14. dxe5 Nd7 15. f4 b5 16. b3 Qb6 17. Bxb5 Bxb5 18. c4 dxc4 19. bxc4 Bc6 20. Rb1 Qa5 21. Rb2 Ba4 22. Nb3 Qc3 23. Qe2 0-0 24. Rd1 Bc6 25. Rd3 Qxc4 26. Na5 Qa6 27. Nxc6 Qxc6 28. Rd6 Qc7 29. Rbd2 Rad8 30. Qb5 Nb6 31. Rxd8 Rxd8 32. Rxd8+ Qxd8 33. Qxc5 Qd1+ 34. Kf2 Qd2+ 35. Kg3 Qxa2 36. Qe7 Nd5 37. Qe8+ Kh7 38. Qxf7 Nxe3 39. Qb7 Nf5+ 40. Kh3 Qa3+ 41. g3 a6 42. Qd7 Qa2 43. Qd3 a5 44. g4 Qd5 45. Qe2 Qb3+ 46. Kg2 Ne3+ 47. Kf2 Nd5 48. Qe4+ Kg8 49. f5 Qb2+ 50. Kg3 Qc3+ 51. Kh4 g5+ 52. Kh5 Qh3+ 53. Kg6 Ne7+ 54. Kf6 Nd5+ 55. Kg6 Nf4+ 0-1

[Event "Hofheim Spring op-B 2nd"]
[Site "Hofheim"]
[Date "2014.04.25"]
[Round "6"]
[White "Held, Maurice"]
[Black "Mohammadi, Sholeh"]
[Result "1-0"]
[WhiteElo "1601"]
[BlackElo "959"]
[PlyCount "65"]
[EventDate "2014.04.22"]
[EventType "swiss"]
[EventRounds "9"]
[EventCountry "GER"]
[SourceTitle "CBM 160 Extra"]
[Source "ChessBase"]
[SourceDate "2014.07.01"]
[SourceVersion "1"]
[SourceVersionDate "2014.07.01"]
[SourceQuality "1"]

1. c4 e5 2. Nc3 Bc5 3. Nf3 Nc6 4. g3 a6 5. Bg2 Nf6 6. d3 d5 7. cxd5 Nxd5 8. Bd2 Nf6 9. 0-0 Be6 10. a3 Bg4 11. b4 Ba7 12. Qb3 Be6 13. Qb2 0-0 14. Rfc1 Nd4 15. Nxd4 exd4 16. Ne4 Nxe4 17. Bxe4 Bd5 18. Bxd5 Qxd5 19. Rxc7 Bb6 20. Rcc1 Bd8 21. Rc5 Qe6 22. Re1 Bf6 23. Bf4 b6 24. Rcc1 Rae8 25. Rc4 Qg4 26. Bd6 b5 27. Rc6 Be7 28. Bxe7 Rxe7 29. Rxa6 Rxe2 30. Qxe2 Qxe2 31. Rxe2 f5 32. Ra7 Rd8 33. Ree7 1-0

[Event "Hofheim Spring op-B 2nd"]
[Site "Hofheim"]
[Date "2014.04.23"]
[Round "3"]
[White "Koch, Thomas2222"]
[Black "Mohammadi, Sholeh"]
[Result "1-0"]
[WhiteElo "1832"]
[BlackElo "959"]
[PlyCount "97"]
[EventDate "2014.04.22"]
[EventType "swiss"]
[EventRounds "9"]
[EventCountry "GER"]
[SourceTitle "CBM 160 Extra"]
[Source "ChessBase"]
[SourceDate "2014.07.01"]
[SourceVersion "1"]
[SourceVersionDate "2014.07.01"]
[SourceQuality "1"]

1. e4 d5 2. exd5 Qxd5 3. Nc3 Qd8 4. d4 Nf6 5. Bc4 e6 6. Nf3 Bd7 7. 0-0 Bc6 8. Re1 Be7 9. Bf4 0-0 10. Ne5 Qe8 11. Qe2 a6 12. Rad1 b5 13. Bb3 b4 14. Nxc6 Qxc6 15. d5 Qb7 16. dxe6 bxc3 17. exf7+ Kh8 18. Qxe7 Nc6 19. Qa3 Qb4 20. Qxb4 Nxb4 21. bxc3 Nbd5 22. Bxd5 Nxd5 23. Rxd5 Rxf7 24. Bg3 c6 25. Rd6 Rc8 26. Red1 Kg8 27. Rd8+ Rf8 28. Rxc8 Rxc8 29. Rd7 h6 30. f3 Re8 31. Kf2 Re6 32. Rd6 Kf7 33. Rxe6 Kxe6 34. c4 h5 35. Ke3 g5 36. h4 Kf5 37. hxg5 Kxg5 38. Ke4 h4 39. Bc7 Kh5 40. Kf5 h3 41. gxh3 Kh4 42. Ke6 Kxh3 43. f4 Kg4 44. f5 Kg5 45. f6 Kg6 46. Bd6 Kh7 47. f7 a5 48. Kf6 c5 49. f8Q 1-0

[Event "Hessen-chB"]
[Site "Korbach"]
[Date "2013.03.29"]
[Round "4"]
[White "Mohammadi, Sholeh"]
[Black "Naujocks, Christian"]
[Result "0-1"]
[WhiteElo "1055"]
[BlackElo "1639"]
[PlyCount "102"]
[EventDate "2013.03.27"]
[EventType "swiss"]
[EventRounds "7"]
[EventCountry "GER"]
[SourceTitle "EXT 2014"]
[Source "ChessBase"]
[SourceDate "2013.11.20"]
[SourceVersion "1"]
[SourceVersionDate "2013.11.20"]
[SourceQuality "1"]

1. e4 c5 2. d4 cxd4 3. Qxd4 Nc6 4. Qe3 g6 5. Nf3 Bg7 6. Nc3 e6 7. Bd2 Nge7 8. Rd1 0-0 9. Be2 d5 10. Qd3 Nb4 11. Qb5 Nxc2+ 12. Kf1 Nd4 13. Nxd4 Bxd4 14. Bf3 a6 15. Qb4 Nc6 16. Qb3 Ne5 17. Bh6 Nxf3 18. Bxf8 Qh4 19. Rxd4 Nxd4 20. Qb4 Nc6 21. Qd6 d4 22. g3 Qg4 23. h3 Qf3 24. Kg1 dxc3 25. bxc3 Qxc3 26. Bh6 Qe1+ 27. Kg2 Qxe4+ 28. Kh2 Bd7 29. Qxd7 Ne5 30. Qd1 Nf3+ 31. Qxf3 Qxf3 32. Rf1 Rd8 33. Kg1 Rd5 34. Rc1 Rd1+ 35. Rxd1 Qxd1+ 36. Kg2 Qd5+ 37. f3 Qxa2+ 38. Kf1 Qh2 39. h4 a5 40. Bf4 a4 41. Ke1 a3 42. Be5 a2 43. Kd1 b5 44. Kc1 b4 45. f4 Qg1+ 46. Kc2 Qb1+ 47. Kd2 b3 48. Ke3 b2 49. Kf3 Qd1+ 50. Ke4 b1Q+ 51. Ke3 Qbd3+ 0-1